Normal view MARC view

Entry Personal Name

Number of records used in: 1

001 - CONTROL NUMBER

  • control field: 1047

003 - CONTROL NUMBER IDENTIFIER

  • control field: PK-NaQUE

005 - DATE AND TIME OF LATEST TRANSACTION

  • control field: 20260629141559.0

008 - FIXED-LENGTH DATA ELEMENTS

  • fixed length control field: 260629|| aca||aabn | a|a d

040 ## - CATALOGING SOURCE

  • Original cataloging agency: PK-NaQUE
  • Transcribing agency: PK-NaQUE

100 ## - HEADING--PERSONAL NAME

  • Personal name: Department of Electronics Engineering

670 ## - SOURCE DATA FOUND

  • Source citation: Work cat.: (PK-NaQUE)69100: Muhammad Bux Kalhoro 21-MIAC-02 Supervisor - Prof.Dr. Muhammad Mujtaba Shaikh 1046, Optimization of RF Amplifier Performance Using S-Parameter Analysis (Thesis ME), 2025